Т. 1: Статика и кинематика; Теоретическая механика в примерах и задачах

Bibliographic Details
Parent link:Теоретическая механика в примерах и задачах: учебное пособие для вузов/ М. И. Бать, Г. Ю. Джанелидзе, А. С. Кельзон. Т. 1: Статика и кинематика.— 9-е изд., перераб..— , 1990-1991.— 5-02-014449-5
Language:Russian
Published: 1990
Subjects:
Format: Book
KOHA link:https://koha.lib.tpu.ru/cgi-bin/koha/opac-detail.pl?biblionumber=33930

MARC

LEADER 00000nam2a2200000 4500
001 33930
005 20231101210211.0
010 |a 5020144509 
035 |a (RuTPU)RU\TPU\book\34302 
035 |a BOOK00000953 
090 |a 33930 
100 |a 20011210d1990 m y0rusy50 ca 
101 0 |a rus 
102 |a RU 
105 |a y j 001zy 
200 0 |a Т. 1: Статика и кинематика 
210 |d 1990 
215 |a 670 с. 
320 |a Указ. имен. и предм.: с. 667-670. 
451 1 |0 (RuTPU)RU\TPU\book\34301  |t Статика и кинематика  |d 1984  |p 502 с. 
461 1 |0 (RuTPU)RU\TPU\book\1482  |y 5-02-014449-5  |t Теоретическая механика в примерах и задачах  |o учебное пособие для вузов  |f М. И. Бать, Г. Ю. Джанелидзе, А. С. Кельзон  |v Т. 1: Статика и кинематика  |e 9-е изд., перераб.   |d 1990-1991 
606 1 |a Механика теоретическая  |2 stltpush  |3 (RuTPU)RU\TPU\subj\59441  |9 76991 
610 1 |a прикладная механика 
610 1 |a статика 
610 1 |a кинематика 
610 1 |a теоретическая механика 
610 1 |a примеры 
610 1 |a задачи 
610 1 |a учебные пособия 
675 |a 531(076)  |v 3 
801 0 |a RU  |b 63413507  |c 20011210  |g PSBO 
801 2 |a RU  |b 63413507  |c 20210416  |g PSBO 
900 |a Прикладная механика 
900 |a Механика 
900 |a Теоретическая механика 
942 |c BK